书目信息 |
| 题名: |
不定的号角
|
|
| 作者: | 泰勒 著 ;王群 译 | |
| 分册: | ||
| 出版信息: | 北京 解放军出版社 1963 |
|
| 页数: | 172页 | |
| 开本: | 20cm | |
| 丛书名: | 外国著名军事著作丛书 | |
| 单 册: | ||
| 中图分类: | E81 | |
| 科图分类: | ||
| 主题词: | 灵活反应战略-战略思想 , 战略思想-灵活反应战略 | |
| 电子资源: | ||
| ISBN: | ||
| 000 | 00803nam2 2200289 45 | |
| 001 | 0185018973 | |
| 005 | 20040424154637.3 | |
| 010 | @dCNY1.25 | |
| 091 | @a5185.53 | |
| 100 | @a19951011e19851963em y0chiy0121 ea | |
| 101 | 1 | @achi@ceng |
| 102 | @aCN@b110000 | |
| 105 | @ay z 000yy | |
| 106 | @ar | |
| 200 | 10 | @a不定的号角@Abu ding de hao jiao@f(美)泰勒著,@g王群译 |
| 210 | @a北京@c解放军出版社@d1963@h1985重印 | |
| 215 | @a172页@d20cm | |
| 225 | 2 | @a外国著名军事著作丛书 |
| 410 | 0 | @120010@a外国著名军事著作丛书 |
| 606 | @a灵活反应战略-战略思想 | |
| 606 | @a战略思想-灵活反应战略 | |
| 690 | @aE81@v3 | |
| 701 | 1 | @a泰勒@bTaylor,M.D@4著@Atai lei |
| 702 | 0 | @a王群@4译@Awang qun |
| 801 | 0 | @aCN@b深圳图书馆@c20040424 |
| 801 | 2 | @aCN@bNLC@c20040424 |
| 905 | @f2@b218290-291@dE81@e14 | |
| 不定的号角/(美)泰勒著,/王群译.-北京:解放军出版社,1963(1985重印) |
| 172页;20cm.-(外国著名军事著作丛书) |
| ISBN :CNY1.25 |
| ● |
| 相关链接 |
|
|
|
|
正题名:不定的号角
索取号:E81/14
 
预约/预借
| 序号 | 登录号 | 条形码 | 馆藏地/架位号 | 状态 | 备注 |
| 1 | 0218290 | 000490310 | 第一借阅区/ [索取号:E81/14] | 在馆 | |
| 2 | 0218291 | 001263723 | 第一借阅区/ [索取号:E81/14] | 在馆 | |
| 3 | 0218292 | 001263732 | 第一样本阅览室/ [索取号:E81/14] | 在馆 |